| 000 | 00556nam a22001697a 4500 | ||
|---|---|---|---|
| 003 | OSt | ||
| 005 | 20240930160146.0 | ||
| 008 | 240930b |||||||| |||| 00| 0 eng d | ||
| 040 | _c0 | ||
| 082 | _aDPer 050 R22 2000 June -December 2023 v123 no. 7124-728 | ||
| 100 |
_aPearson, Patricia. _eauthor. _961833 |
||
| 245 |
_aHealth : _bno more aches? / _cPatricia Pearson. |
||
| 260 |
_aTaipei ; _bReader's Digest Asia, _cNovember 2023. |
||
| 300 |
_aVolume 123, pages46-49 , _billustration. |
||
| 700 |
_aPearson, Patricia. _eauthor. _961667 |
||
| 942 |
_2ddc _cPER |
||
| 999 |
_c22013 _d22013 |
||